| 000 | 00339nam a22001217a 4500 | ||
|---|---|---|---|
| 040 | _cNust | ||
| 082 |
_a515.63 _bHAL _22nd ed |
||
| 100 |
_aPaul R. Halmos _9125136 |
||
| 245 | _aFijnite-Dimensional Vector Spaces | ||
| 260 |
_aNew Jersey; _bD. Van Nostrand Company, _c1958. |
||
| 650 | _2Fijnite-Dimensional Vector Spaces | ||
| 942 |
_2ddc _cBK |
||
| 999 |
_c610913 _d610913 |
||